<?xml version="1.0" encoding="UTF-8"?><?xml-stylesheet type="text/xsl" href="static/style.xsl"?><OAI-PMH xmlns="http://www.openarchives.org/OAI/2.0/" xmlns:xsi="http://www.w3.org/2001/XMLSchema-instance" xsi:schemaLocation="http://www.openarchives.org/OAI/2.0/ http://www.openarchives.org/OAI/2.0/OAI-PMH.xsd"><responseDate>2026-06-03T14:39:23Z</responseDate><request verb="GetRecord" identifier="oai:riuma.uma.es:10630/39177" metadataPrefix="marc">https://riuma.uma.es/rest/oai/request</request><GetRecord><record><header><identifier>oai:riuma.uma.es:10630/39177</identifier><datestamp>2026-02-03T11:25:25Z</datestamp><setSpec>com_10630_2254</setSpec><setSpec>col_10630_37953</setSpec></header><metadata><record xmlns="http://www.loc.gov/MARC21/slim" xmlns:dcterms="http://purl.org/dc/terms/" xmlns:doc="http://www.lyncode.com/xoai" xmlns:xsi="http://www.w3.org/2001/XMLSchema-instance" xsi:schemaLocation="http://www.loc.gov/MARC21/slim http://www.loc.gov/standards/marcxml/schema/MARC21slim.xsd">
   <leader>00925njm 22002777a 4500</leader>
   <datafield ind2=" " ind1=" " tag="042">
      <subfield code="a">dc</subfield>
   </datafield>
   <datafield ind2=" " ind1=" " tag="720">
      <subfield code="a">Morales-Sánchez, Verónica Odilia</subfield>
      <subfield code="e">author</subfield>
   </datafield>
   <datafield ind2=" " ind1=" " tag="720">
      <subfield code="a">Pérez-López, Rocío</subfield>
      <subfield code="e">author</subfield>
   </datafield>
   <datafield ind2=" " ind1=" " tag="720">
      <subfield code="a">Reigal-Garrido, Rafael Enrique</subfield>
      <subfield code="e">author</subfield>
   </datafield>
   <datafield ind2=" " ind1=" " tag="720">
      <subfield code="a">Hernández-Mendo, Antonio</subfield>
      <subfield code="e">author</subfield>
   </datafield>
   <datafield ind2=" " ind1=" " tag="260">
      <subfield code="c">2020-07-10</subfield>
   </datafield>
   <datafield ind2=" " ind1=" " tag="520">
      <subfield code="a">Proper quality management of sports services requires knowledge of the needs, perceptions, expectations, and emotions of users. Facial expressions provide relevant information about the immediate perception of stimuli. The objective of this study was therefore to analyze how a group of child users of sports services expressed their&#xd;
satisfaction with the programs in which they participated through facial expressions during an in-depth interview tailored to their age. Nineteen child users of a sports organization (aged from 5 to 12 years) were interviewed, involving both qualitative and quantitative analyses. The analysis of facial expressions was performed using Face Reader v.6.1.10, which automatically analyzes eight categories of facial expressions (six basic emotions, one neutral, and one unidentified). The data collection and transformation procedures fully satisfied the requirement for flexibility and provide new perspectives for incorporating data into the study of biopsychosocial factors in everyday contexts using a Mixed-Methods approach. In addition, the generalizability analysis itself, carried out to determine the levels of reliability, generalizability and precision of the sample (with relative and absolute G indexes of between 0.86 and 0.93 for the three analyses performed), was also a Mixed-Methods procedure.</subfield>
   </datafield>
   <datafield ind1="8" ind2=" " tag="024">
      <subfield code="a">Morales-Sánchez, V., Pérez-López, R., Reigal, R. E., &amp; Hernández-Mendo, A. (2020). Mixed-methods analysis of emotional quality in sports organizations: facial expressions of child users of sports services as data. Frontiers in Psychology, 11, 1199.</subfield>
   </datafield>
   <datafield ind1="8" ind2=" " tag="024">
      <subfield code="a">https://hdl.handle.net/10630/39177</subfield>
   </datafield>
   <datafield ind1="8" ind2=" " tag="024">
      <subfield code="a">10.3389/fpsyg.2020.01199</subfield>
   </datafield>
   <datafield tag="653" ind2=" " ind1=" ">
      <subfield code="a">Expresión facial - Niños</subfield>
   </datafield>
   <datafield tag="653" ind2=" " ind1=" ">
      <subfield code="a">Deportes - Gestión</subfield>
   </datafield>
   <datafield ind2="0" ind1="0" tag="245">
      <subfield code="a">Mixed-Methods Analysis of Emotional Quality in Sports Organizations: Facial Expressions of Child Users of Sports Services as Data</subfield>
   </datafield>
</record>
</metadata></record></GetRecord></OAI-PMH>